000 00801nab a2200241 u 4500
001 23269
003 HDC
007 cr bn ---aaaaa
008 210318b2014mmddmy d||ne |||| 00| 0 may d
040 _aHDC
245 0 _aRM100 juta bantu usahawan bumiputera
_c/ Utusan Malaysia
260 _aMalaysia:
_bMedia Mulia,
_c2014
300 _a1 online resource (page 21)
336 _atext
_2rdacontent
337 _acomputer
_2rdamedia
338 _aonline resource
_2rdacarrier
650 _aEntrepreneurs
_xCapital investments
_919868
710 _aUtusan Malaysia
856 _zRequest full-text at [email protected]
942 _2lcc
942 _cNEWS
942 _kNWSC 007761
999 _c20585
_d20585